00412nam a2200133 i 4500001000300000100003500003245003700038260002100075040000800096041000800104080002700112008004100139856009800180bg1 aBIELECKI, Robertd(1939-1998). 0aDe Gaulle i inni /cR. Bielecki. aWarszawa,c1983. cBPK apol a32(44)+944:929(44)"19" s pl f |000 0 pol  uhttp://koha.tu.koszalin.pl/cgi-bin/koha/opac-detail.pl?biblionumber=22599yKatalog online BPK